Aplikácia metódy Swot analýzy na integrované dopravné systémy na Slovensku

Aplikácia metódy SWOT analýzy na oblasť integrovaných dopravných systémov na Slovensku. Účelom SWOT analýzy je posúdiť vnútorné predpoklady daného IDS pre uskutočnenie určitého podnikateľského zámeru a súčasne podrobiť analýze vonkajšie príležitosti a obmedzenia diktované trhom. Uvedená metóda SWOT...

Ausführliche Beschreibung

Gespeichert in:
Bibliographische Detailangaben
1. Verfasser: Valášková, Martina
Format: Buchkapitel
Sprache:Slowakisch
Schlagworte:
Tags: Tag hinzufügen
Keine Tags, Fügen Sie das erste Tag hinzu!

MARC

LEADER 00000nla$a2200000$$$4500
001 0092641
005 20221128082206.9
041 0 |a slo 
044 |a SK 
245 1 0 |a Aplikácia metódy Swot analýzy na integrované dopravné systémy na Slovensku  |c Martina Valášková 
520 |a Aplikácia metódy SWOT analýzy na oblasť integrovaných dopravných systémov na Slovensku. Účelom SWOT analýzy je posúdiť vnútorné predpoklady daného IDS pre uskutočnenie určitého podnikateľského zámeru a súčasne podrobiť analýze vonkajšie príležitosti a obmedzenia diktované trhom. Uvedená metóda SWOT analýzy bola aplikovaná na Žilinský regionálny integrovaný dopravný systém. 
610 2 0 |a doprava integrovaná 
610 2 0 |a Slovensko 
610 2 0 |a analýza swot 
610 2 0 |a zámery podnikateľské 
100 1 |a Valášková, Martina